000
00285nam a2200109Ia 4500
008
230907s9999||||xx |||||||||||||| ||und||
082
_a
629.2293
_b
PLU
245
0
_a
Plug in electric vehicles in smart grids :
260
_a
Springer,
_b
New York :
_c
2015
300
_a
349 p.
942
_c
BK
999
_c
601597
_d
601597